Kniha sociologie
Salvato in:
| Natura: | Libro |
|---|---|
| Lingua: | ceco |
| Pubblicazione: |
Praha
Knižní klub
2016
|
| Serie: | Universum
|
| Soggetti: | |
| Tags: |
Nessun Tag, puoi essere il primo ad aggiungerne!!
|
MARC
| LEADER | 00000nam a2200000 4500 | ||
|---|---|---|---|
| 001 | 0222895 | ||
| 005 | 20240314103456.2 | ||
| 020 | |a 978-80-242-5395-4 | ||
| 041 | 0 | |a cze | |
| 044 | |a CZ | ||
| 245 | 1 | 0 | |a Kniha sociologie |
| 264 | 1 | |a Praha |b Knižní klub |c 2016 | |
| 300 | |a 352 s. | ||
| 490 | 1 | |a Universum | |
| 830 | 0 | |a Universum | |
| 610 | 2 | 0 | |a sociológia |
| 610 | 2 | 0 | |a spoločnosť občianska |
| 610 | 2 | 0 | |a nerovnosť sociálna |
| 610 | 2 | 0 | |a moc politická |
| 610 | 2 | 0 | |a vzťahy genderové |
| 610 | 2 | 0 | |a štýl životný |
| 610 | 2 | 0 | |a spravodlivosť sociálna |
| 610 | 2 | 0 | |a mestá |
| 610 | 2 | 0 | |a identita |
| 610 | 2 | 0 | |a technológie nové |
| 610 | 2 | 0 | |a automatizácia |
| 610 | 2 | 0 | |a náboženstvo |
| 610 | 2 | 0 | |a oligarchia finančná |
| 610 | 2 | 0 | |a kriminalita |
| 610 | 2 | 0 | |a totalitarizmus |
| 610 | 2 | 0 | |a kríza hospodárska |
| 610 | 2 | 0 | |a kríza sociálna |
| 610 | 2 | 0 | |a vzdelávanie |
| 610 | 2 | 0 | |a rodina |
| 610 | 2 | 0 | |a manželstvo |